000 00906nam a2200289 4500
001 0000022255
003 CO-CtgCURN
005 20250509184337.0
008 160627s2001 000 0 eng d
020 _a8476768419
040 _aCO-CtgCURN
_bspa
_ccoctgcurn
082 0 _a342
_bV45a
100 1 _aVilalta A. Esther.
245 1 3 _aLa Acción ejecutiva /
_cEsther Vilalta A.
250 _a2a ed.
260 _aMadrid :
_bBiblioteca basica de practica procesal,
_c2001.
300 _a96 p.
336 _2rdacontent
337 _2rdamedia
_asin mediacion
_bn
338 _2rdacarrier
_avolumen
_bnc
504 _aBibliografia (p. 93-96)
505 8 _acomentario.--Legislacion.--Jurisprudencia.--Formulario
650 0 _aAcción y defensa (Derecho)
_zColombia.
908 _a160627
942 _cBK
_h342
_iV45a
_2ddc
_n0
999 _c1453
_d1453